00377nam a2200145Ia 4500008004100000020001800041041000800059082001500067100001600082245004200098250000600140260004700146300001300193650002500206210716s2013 xx 000 0 und d a9789350974018 aeng a331.8 SARA aSarma, A M. aIndustrial relations and labour laws. a2 aNew DelhibHimalaya Publishing Housec2013 a433/2015 aIndustrial Relations